00571nam a2200145Ia 4500008004100000100003000041245011400071245003000185260005900215650001800274650001500292856002600307999001900333952007300352170221s9999 xx 000 0 und d aJo-Yun Li Lulu Rodriguez. aAppeals, Sexual Images, Visual Metaphors and Themes: Differences in Condom Print Ads across Four Continents  cJo-Yun Li Lulu Rodriguez. bOnline Journal of Communication and Media Technologies xCommunication xMedia Arts uhttp://www.ojcmt.net/ c312672d312672 001040aCLbCLd2017-02-21l0r2017-02-21 00:00:00w2017-02-21yFOJ